|
|
|
|
| LEADER |
00000cam a2200000 i 4500 |
| 001 |
1/95994 |
| 008 |
081023s1979 gr | ||| |||| ||gre|| |
| 035 |
|
|
|l 10101134
|
| 040 |
|
|
|a GR-MY-UA
|b gre
|e aacr
|
| 041 |
0 |
|
|a gre
|
| 082 |
7 |
|
|a 889.13
|2 (22)
|
| 100 |
1 |
|
|a Λειβαδίτης, Τάσος,
|d 1921-1988.
|
| 245 |
1 |
2 |
|a Ο άνθρωπος με το ταμπούρλο /
|c Τάσος Λειβαδίτης.
|
| 250 |
|
|
|a 3η έκδ.
|
| 260 |
|
|
|a [Αθήνα] :
|b Κέδρος,
|c 1979.
|
| 300 |
|
|
|a 121 σ. ;
|c 24 εκ.
|
| 650 |
0 |
0 |
|a Greek poetry, Modern
|y 20th century.
|
| 650 |
0 |
0 |
|a Poets, Greek (Modern)
|y 20th century.
|
| 852 |
|
|
|a INST
|b RHODES
|c AKA
|e 20081023
|h 889.13 ΛΕΙ
|p 005400031206
|q 005400031206
|t BK
|y 0
|
| 901 |
|
|
|a BIBL4-2008-3
|
| 909 |
|
|
|a Ρ
|b 153459
|
| 970 |
|
|
|a ΧΑΡΙΟΠΟΛΙΤΟΥ
|b ΚΩΝΣΤΑΝΤΙΝΑ
|z 2008/10/23
|